Gaming Quiz

Random Gaming or Mario Quiz

Mario Power-Ups Quiz Stats

 Plays Quiz not verified by Sporcle

Support Sporcle.
Go Orange.
Score 0/24 Timer 05:00
0 Plays Today
First Appearance Power-Up % Correct
Super Mario Bros.Mushroom
96%
Super Mario Bros.Fire Flower
92%
Super Mario Bros.Starman
91.2%
Super Mario Bros. 3Frog Suit
82.4%
Super Mario Bros. 3Hammer Suit
77.6%
Super Mario Bros. 3Racoon Suit
73.6%
Super Mario WorldCape
68%
Super Mario Galaxy 2Cloud Mario
67.2%
Super Mario Galaxy 2Rock Mario
66.4%
Super Mario GalaxyIce Flower
64.8%
Super Mario Bros. WiiPenguin Suit
64.8%
Super Mario Bros. 3Tanooki Suit
63.2%
First Appearance Power-Up % Correct
New Super Mario Bros.Mini Mushroom
63.2%
Super Mario GalaxyBee Suit
61.6%
Super Mario GalaxySpring Suit
61.6%
New Super Mario Bros.Mega Mushroom
60.8%
New Super Mario Bros.Koopa Shell
59.2%
Super Mario 64Wing Cap
58.4%
Super Mario GalaxyBoo Suit
58.4%
Super Mario 64Metal Cap
52%
Super Mario Bros. WiiPropeller Suit
52%
Super Mario GalaxyRainbow Star
42.4%
Super Mario 64Vanish Cap
38.4%
Super Mario Land 2Magic Carrot
22.4%

You're not logged in!

Compare scores with friends on all Sporcle quizzes.
OR
Log In

From the Vault

Movie Cast Match (1981)

by MasterKGlas

Cast a glance over at this quiz.
Remove Ads.
Support Sporcle.
Get the best of Sporcle when you Go Orange. This ad-free experience offers more features, more stats, and more fun while also helping to support Sporcle. Thank you for becoming a member.

Show Comments

Extras

Top Quizzes Today


Score Distribution

Your Account Isn't Verified!

In order to create a playlist on Sporcle, you need to verify the email address you used during registration. Go to your Sporcle Settings to finish the process.

Report this User

Report this user for behavior that violates our Community Guidelines.

Details: